Food service equipment: selection, arrangement, and use
Enregistré dans:
| Auteurs principaux: | , |
|---|---|
| Format: | Livre |
| Langue: | anglais |
| Publié: |
Ames
The Iowa State Univesity
1974
|
| Sujets: | |
| Tags: |
Ajouter un tag
Pas de tags, Soyez le premier à ajouter un tag!
|
MARC
| LEADER | 00000nam a2200000 a 4500 | ||
|---|---|---|---|
| 001 | UCR4845 | ||
| 003 | CL-VaPUC | ||
| 008 | 980320e19740000US |||||||||||||||||eng|d | ||
| 082 | 0 | 4 | |a 664.02 |b JER |2 21 |
| 100 | |a Jernigan, Anna Katherine |e author |9 406650 | ||
| 700 | 0 | |a Ross, Lynne Nannen |e author |9 405335 | |
| 245 | 1 | 0 | |a Food service equipment: selection, arrangement, and use |
| 300 | |a 129 p | ||
| 942 | |c BK | ||
| 945 | |d 19980320 00:00:00 |a crobeson | ||
| 260 | |a Ames |b The Iowa State Univesity |c 1974 | ||
| 650 | 7 | |a TECNOLOGIA DE ALIMENTOS |2 CL-VaPUC |9 405336 | |
| 650 | 0 | |a Industria alimentaria |9 331702 | |
| 650 | 7 | |a PRODUCCION ALIMENTARIA |2 CL-VaPUC |9 341875 | |
| 583 | |a last modification |c 19980320 00:00:00 |k Rodrigo Vera | ||
| 999 | |c 267646 |d 267644 | ||
| 952 | |0 0 |1 0 |4 0 |6 664_020000000000000_JER_1974 |7 0 |8 A |9 300111 |a BIBALI |b BIBALI |c GEN |d 2019-11-20 |i 1959425 |o 664.02 JER 1974 |p 1959425 |r 2025-01-20 |w 2019-11-20 |y BK |k ALI | ||